000 00309nam a2200133Ia 4500
005 20251222155129.0
008 251222s9999||||xx |||||||||||||| ||spa||
082 _aENC.17.8
100 _aEstados unidos.
245 0 _aLa Enciclopedia. Salvat.Vol.8
250 _a1ra. ed.
264 _bSalvat
942 _cLIB
999 _c38758
_d38758